000
00287nam a2200121Ia 4500
005
20251222155159.0
008
251222s9999||||xx |||||||||||||| ||spa||
082
_a
INV.41
100
_a
RUIZ GALLO, Pedro.
245
0
_a
Resúmenes de investigación.
264
_b
No tiene
942
_c
LIB
999
_c
39855
_d
39855